Регионална библиотека "Любен Каравелов" - Русе

Справочник на технолога по механична обработка (Запис номер 61017)

MARC детайли
000 -Лидер
Контролно поле с фиксирана дължина 01597nam a2200325 c 4500
003 - Код на организацията, давaща контролен номер
Контролно поле BLK
005 - Дата и час на последна редакция
Контролно поле 20220117105053.0
008 - Елементи от данни с фиксирана дължина
fixed length control field 180408b bul|||||r ||||||| ||bul||
010 ## - Наследен системен номер
LC control number KNG00065208000
040 ## - Източник на каталожния запис
Идентификатор на билиотеката - собственик на записа BLK
041 ## - Код за език
Код за езика на текст/звукозапис или на отделно заглавие Български
Код за езика КДБФ Български
080 ## - УДК
Текстов определител УДК Обработка под налягане. Пластично формообразуване. Формоизменящи операции(без снемане на стружки). Съединяване на материалите. Технология и оборудване. Вж и 621.9
УДК код - определител по УДК 621.7
УДК определител (035)
УДК - код + определител 621.7(035)
139 ## - Редно поле
Редна дума Справочник на технолога по механична обработка
Авторски знак Спр - С 59
245 10 - Сведения за заглавието
Заглавие Справочник на технолога по механична обработка
Подзаглавни данни В 2 т.
Редно поле (дума) обща ред. на Станчо Пашов; авт. на том Петър Маринов Събчев.
Том Т. 1
257 ## - Страна на издаване
Страна на създаване/издаване България
260 ## - Област на издателските данни
Име на издателя, разпространителя и проч. Техника
Година на издаване 1989
Печатница Враца : В. Александров
300 ## - Физическа характеристика
Размери/Мащаб 22 см
380 ## - Жанр
Жанр Техника
650 #4 - Допълнително описание по предмет – тема
Основно описание – тема или топоним Металообработка
9 (RLIN) 161986
650 #4 - Допълнително описание по предмет – тема
Основно описание – тема или топоним Металорежещи машини
9 (RLIN) 264256
650 #4 - Допълнително описание по предмет – тема
Основно описание – тема или топоним Металорежещи инструменти
9 (RLIN) 264662
700 1# - Други автори (авторска отговорност)
Лично име Пашов, Станчо
Автороска отговорност (Описва отношението между автора и произведението) обща ред. на
9 (RLIN) 290294
700 1# - Други автори (авторска отговорност)
Лично име Събчев, Петър Маринов
Автороска отговорност (Описва отношението между автора и произведението) авт. на том
9 (RLIN) 370003
760 1# - Описание на основната серия
Място на издаване, издател и година 1989
Страници - том 635 с. : с табл., сх.
Заглавие Т. 1
852 ## - Местоположение
Форматна сигнатура Цб 159855
856 4# - Електронен адрес и достъп
Електронен формат pdf - файл
856 4# - Електронен адрес и достъп
Електронен формат pdf - файл
999 ## - СИСТЕМНИ КОНТРОЛНИ НОМЕРА
Koha biblionumber 61017
Koha biblioitemnumber 61017
942 ## - АРТИКУЛИ
Вид на библиотечния материал Книги
Скрит в OPAC Не
Koha issues (borrowed), all copies 2
Периодичен библиозапис Да
944 ## - СЪЗДАВАНЕ И РЕДАКЦИЯ на ЗАПИСА
Създаване/Редакция Създаване
Дата на регистрацията/редакция 13.06.2004
Служител, извършил регистрацията/редакцията Геновева_Генчева
944 ## - СЪЗДАВАНЕ И РЕДАКЦИЯ на ЗАПИСА
Създаване/Редакция Редакция
Дата на регистрацията/редакция 10.03.2010
999 ## - СИСТЕМНИ КОНТРОЛНИ НОМЕРА
Koha biblioitemnumber 61017
Наличности
Код за отписване Код за изгубен артикул Източник на класификационната схема Код за повреда Коз за рестрикции Код за отдаване Артикулен № Име на библиотеката - собственик Име на библиотеката, в която се намира в момента Статус (Текущо местоположение) Дата на вписване в системата Местоположение - отдел Цена в лева Инвентарен номер Систематично азбучна сигнатура Баркод Номер на екземпляра Цена в евро Служебна бележка Служебен тип на артикула
  Не е изгубен Universal Decimal Classification Не е повреден без рестрикции ползва се в читалня 100670 Регионална библиотека "Любен Каравелов" Русе Регионална библиотека "Любен Каравелов" Русе Хранилище 1989-01-01 Хранилище 5.43 523122 Цб 159855 120000523122 1 2.78 Дост: Dp Вид: Д N: стар фонд Дата: 01.01.1989 Книги
Изтеглен Не е изгубен Universal Decimal Classification Не е повреден без рестрикции заемане за дома 100671 Регионална библиотека "Любен Каравелов" Русе Регионална библиотека "Любен Каравелов" Русе Заемна - подръчен фонд 1989-01-01 Заемна - подръчен фонд 5.43 540735 П 621.7/.9/С 59 540735 2 2.78 Дост: Pk Вид: Ф N: стар фонд Дата: 01.01.1989 Книги
  Не е изгубен Universal Decimal Classification Не е повреден без рестрикции заемане за дома 100672 Регионална библиотека "Любен Каравелов" Русе Регионална библиотека "Любен Каравелов" Русе Заемна - подръчен фонд 1989-01-01 Заемна - подръчен фонд 5.43 541211 П 621.7/.9/С 59 120000541211 3 2.78 Дост: Pk Вид: Ф N: стар фонд Дата: 01.01.1989 Дата инв: 06.02.2018 Бележки инв: П2018 Книги
Изтеглен Не е изгубен Universal Decimal Classification Не е повреден без рестрикции заемане за дома 100673 Регионална библиотека "Любен Каравелов" Русе Регионална библиотека "Любен Каравелов" Русе Заемна - подръчен фонд 1989-01-01 Заемна - подръчен фонд 5.43 541213 П 621.7/.9/С 59 541213 4 2.78 Дост: Pk Вид: Ф N: стар фонд Дата: 01.01.1989 Книги
  Не е изгубен Universal Decimal Classification Не е повреден без рестрикции ползва се в читалня 100674 Регионална библиотека "Любен Каравелов" Русе Регионална библиотека "Любен Каравелов" Русе Читалня 1989-01-01 Читалня 5.43 541214 Ч 621.7/.9/С 59 120000541214 5 2.78 Дост: Pk Вид: Ф N: стар фонд Дата: 01.01.1989 Дата инв: 24.03.2017 Бележки инв: Ч2017 Книги
Vip Innovations Ltd, Rousse, Bulgaria 2025